Catalog

Record Details

Catalog Search



Literature evangelism  Cover Image Book Book

Literature evangelism / George Verwer

Verwer, George (Author).

Record details

  • ISBN: 0-9630-9083-6
  • Physical Description: 91 p.
  • Publisher: Waynesboro OM Publishing 1992

Available copies

  • 1 of 1 copy available at Common Catalog SPOK.

Holds

  • 0 current holds with 1 total copy.
Show All Copies
Location Call Number / Copy Notes Barcode Shelving Location Status Due Date
ETS Library 269.2 424470001380 Volný výběr Available -

LDR 00584nam a2 00229
00142468
003CZ-PrJAB
00520030324000000.0
008030324s1992 xxu e |||| |eng
009us
020 . ‡a0-9630-9083-6
035 . ‡a(CONS)5442
035 . ‡aKPS4814
041 . ‡aeng
08214. ‡a269.2
100 . ‡7935 ‡aVerwer, George
245 . ‡aLiterature evangelism / ‡cGeorge Verwer
260 . ‡aWaynesboro ‡bOM Publishing ‡c1992
300 . ‡a91 p.
653 . ‡aLiterature evangelism
8524 . ‡bETS ‡bETS ‡cVolný výběr ‡j269.2 ‡gA ‡p424470001380
910 . ‡aABG450
999 . ‡a5442 ‡bAUTOGEN ‡c5442 ‡tbiblio
905 . ‡uadmin
901 . ‡a42468 ‡b ‡c42468 ‡tbiblio ‡sets

Additional Resources